000 00347nam a2200121Ia 4500
008 220204s9999 xx 000 0 und d
082 _a630*
_bEND
245 0 _aEndangered rainforests and the fight for survival. V 1 &V 2
260 _aMalaysia
_bWorld rainforest movement
_c1992
650 _aForest destruction
650 _aMangrove
942 _cBK
999 _c40732
_d40732